Boruto - Membre du clan otsutsuki - Statistiques

Statistiques générales
  • Ce quiz a été pris 253 fois
    251 depuis la dernière actualisation
  • Le résultat moyen est 8 sur 11
Statistiques - réponses
Par images Réponse % Correct
Indra Ôtsutsuki
93%
Kaguya Ôtsutsuki
93%
Momoshiki Ôtsutsuki
93%
Hagoromo Ôtsutsuki
89%
Asura Ôtsutsuki
74%
Toneri Ôtsutsuki
68%
Isshiki Ôtsutsuki
66%
Kinshiki Ôtsutsuki
64%
Shibai Ôtsutsuki
59%
Hamura Ôtsutsuki
58%
Urashiki Ôtsutsuki
55%
Aucun quiz correspondant
Distribution des résultats
% des personnes avec chaque résultat
Percentile par nombre de réponses
Votre historique - résultats
Vous n’avez pas pris ce quiz depuis la dernière actualisation